Bảo vệ và thực thi có hiệu quả quyền sở hữu trí tuệ của nghành hải quan - Điều kiện quan trọng để Việt Nam gia nhập WTO /
Enregistré dans:
| Auteur principal: | |
|---|---|
| Format: | Article |
| Langue: | Vietnamese |
| Sujets: | |
| Tags: |
Ajouter un tag
Pas de tags, Soyez le premier à ajouter un tag!
|
| Thư viện lưu trữ: | Thư viện Trường Đại học Đà Lạt |
|---|
| LEADER | 00905nam a2200289 4500 | ||
|---|---|---|---|
| 001 | DLU090071139 | ||
| 005 | ##20090526 | ||
| 040 | # | # | |a DLU |b vie |
| 041 | # | # | |a vie |
| 044 | # | # | |a vn |
| 100 | # | # | |a Nguyễn Ngọc Sơn,ThS. |
| 245 | # | # | |a Bảo vệ và thực thi có hiệu quả quyền sở hữu trí tuệ của nghành hải quan - Điều kiện quan trọng để Việt Nam gia nhập WTO / |c Nguyễn Ngọc Sơn. |
| 653 | # | # | |a Hải quan |
| 653 | # | # | |a Hội nhập |
| 653 | # | # | |a Quyền sở hữu trí tuệ |
| 653 | # | # | |a Việt Nam |
| 653 | # | # | |a WTO |
| 773 | # | # | |t Luật học |g Số 2, 2005, tr. 35-41 |
| 920 | # | # | |a Phòng Tạp chí -- Trung tâm Thông tin - Thư viện Trường Đại học Đà Lạt |
| 994 | # | # | |a DLU |
| 900 | # | # | |a True |
| 911 | # | # | |a Nguyễn Thị Mai Anh |
| 925 | # | # | |a G |
| 926 | # | # | |a A |
| 927 | # | # | |a BB |
| 980 | # | # | |a Thư viện Trường Đại học Đà Lạt |